| 000 | 00820nam a22002177a 4500 | ||
|---|---|---|---|
| 003 | 0 | ||
| 005 | 20250129103152.0 | ||
| 008 | 150918b xxu||||| |||| 00| 0 eng d | ||
| 050 |
_aPGS GV 1469.34.C58 _b.K49 2015 |
||
| 100 | _aKim, Jung Kyu. | ||
| 245 |
_aVideo games and leadership skills / _cJung Kyu Kim. |
||
| 260 |
_aLas PiƱas City, Philippines : _bSouthville International School and Colleges, _c2015. |
||
| 300 |
_a28 p. : _bill. ; _c28 cm. _fPASS |
||
| 504 | _aIncludes bibliographical references. | ||
| 650 |
_2Library of Congress Subject Headings _aVideo games and children. |
||
| 650 |
_2Library of Congress Subject Headings _aLeadership in children. |
||
| 650 | _aSocial skills in children. | ||
| 650 |
_aVideo games _vPsychological aspects. |
||
| 650 | _aSixth grade (Education). | ||
| 942 |
_2lcc _cPASS |
||
| 999 |
_c288688 _d288688 |
||